Siri kannada - 8th Std (Record no. 239202)
[ view plain ]
| 000 -LEADER | |
|---|---|
| fixed length control field | 00384nam a2200145Ia 4500 |
| 005 - DATE AND TIME OF LATEST TRANSACTION | |
| control field | 20250729165721.0 |
| 008 - FIXED-LENGTH DATA ELEMENTS--GENERAL INFORMATION | |
| fixed length control field | 250729s2012 xx 000 0 und d |
| 041 ## - LANGUAGE CODE | |
| Language code of text/sound track or separate title | kan |
| 082 ## - DEWEY DECIMAL CLASSIFICATION NUMBER | |
| Classification number | 494.507 KARS |
| 100 ## - MAIN ENTRY--PERSONAL NAME | |
| Personal name | Karnataka Govt |
| 9 (RLIN) | 231279 |
| 245 ## - TITLE STATEMENT | |
| Title | Siri kannada - 8th Std |
| 260 ## - PUBLICATION, DISTRIBUTION, ETC. | |
| Place of publication, distribution, etc. | Bangalore |
| Name of publisher, distributor, etc. | Karnataka Patya Pusthaka Sangha |
| Date of publication, distribution, etc. | 2012 |
| 300 ## - PHYSICAL DESCRIPTION | |
| Extent | 144p |
| 650 ## - SUBJECT ADDED ENTRY--TOPICAL TERM | |
| Topical term or geographic name entry element | Kannada |
| 9 (RLIN) | 231280 |
| Withdrawn status | Lost status | Damaged status | Not for loan | Home library | Current library | Date acquired | Source of acquisition | Total Checkouts | Full call number | Barcode | Date last seen | Price effective from | Koha item type |
|---|---|---|---|---|---|---|---|---|---|---|---|---|---|
| St Aloysius Library | St Aloysius Library | 07/29/2025 | Management Books | 494.507 KARS | BED04521 | 07/29/2025 | 07/29/2025 | Book |